[Event "GCT Saint Louis Blitz 2019"]
[Site "Saint Louis"]
[Date "2019.08.14"]
[Round "17"]
[White "Carlsen, Magnus"]
[Black "Aronian, Levon"]
[Result "1/2-1/2"]
[WhiteElo "2882"]
[BlackElo "2765"]
[Annotator "TA"]
[PlyCount "105"]
[EventDate "2019.08.13"]
[EventType "tourn"]
[EventCountry "USA"]
[SourceTitle "playchess.com"]
[Source "ChessBase"]
[SourceQuality "1"]

{[%evp 10,105,-4,-17,-16,-22,-17,-35,0,-14,-13,-16,0,-17,-24,-33,-27,-27,-31,-16,-9,-39,-41,-54,-50,-73,-59,-94,-62,-79,-60,-93,-86,-180,-174,-183,-184,-180,-177,-185,-184,-194,-188,-271,-227,-254,-256,-259,-268,-306,-232,-314,-322,-437,-421,-409,-389,-377,-236,-237,-220,-230,-141,-143,-134,-137,-139,-152,-149,-142,-143,-160,-75,-74,-56,-63,-23,-18,-28,-43,-43,-42,-8,-34,-34,-36,-24,-581,0,-559,-37,-42,-20,-20,-20,-20,0,-10]} 1. d4 Nf6 2. c4 e6 3. Nc3 Bb4 4. a3 Bxc3+ 5. bxc3 b6 6. f3 Nc6 {E24: Nimzo-Indian: Sämisch: Unusual Black 5th moves and 5...c5 sidelines} 7. e4 Na5 8. Bd3 d6 {Black is slightly better.} 9. Nh3 Ba6 10. Qe2 e5 $146 ({Predecessor:} 10... Qd7 11. Rb1 O-O-O 12. Nf2 e5 13. c5 Bxd3 14. Nxd3 exd4 15. cxb6 axb6 16. cxd4 {1-0 (58) Bocharov,D (2605)-Predojevic,B (2626) Moscow 2011}) 11. Be3 Qd7 12. a4 Qc6 {[%cal Ra6c4]} 13. d5 Qd7 14. O-O Qe7 15. Nf2 Nd7 16. Rab1 O-O 17. g4 Rac8 18. Nh1 c6 19. Ng3 {next Nf5 is good for White.} g6 20. c5 Bxd3 21. cxd6 (21. Qxd3 $17 {only move.} Nxc5 22. Bxc5 dxc5 23. c4) 21... Bxe2 $19 22. dxe7 Bxf1 23. exf8=Q+ Kxf8 24. Kxf1 cxd5 25. exd5 Rxc3 26. Bd2 (26. Ke2 $142) 26... Rxf3+ 27. Ke2 Rb3 28. Rc1 Rb2 29. Rc7 Nf6 30. Kd3 {Black should prevent d6.} Nxd5 31. Bh6+ Ke8 32. Rxa7 Rb3+ 33. Kc2 Ne3+ 34. Bxe3 Rxe3 {[%mdl 4096] Endgame KRN-KRN} 35. g5 Nc6 36. Rb7 Nb4+ 37. Kd2 {[#]} Rd3+ $1 38. Ke2 {[#]} Rd4 $1 39. Rxb6 Nd5 40. Ra6 Nc3+ (40... Kd7 $142 41. Ra7+ Nc7) 41. Ke3 $17 Nxa4 42. Ra5 Rb4 43. Ne4 Nb6 {aiming for ...Nc4+.} 44. Rxe5+ Kf8 {...Nc4+ is the strong threat.} 45. Rc5 Rc4 46. Rb5 Nd7 47. h4 Ra4 48. Kf4 $2 {[%mdl 8192]} (48. h5 $11 {and White is okay.}) 48... Rc4 $2 (48... f5 $19 49. gxf6 Nxf6) 49. Ra5 $2 {[%mdl 8192]} (49. Ke3 $11) 49... Rb4 $2 (49... f5 $19 50. gxf6 Nxf6) 50. Ra8+ Ke7 {Threatens to win with ...Nc5.} 51. Ra7 {The position is equal.} Ke6 {White must now prevent ...Nc5.} 52. Ra6+ Ke7 53. Ra7 {Accuracy: White = 43%, Black = 46%.} 1/2-1/2

[Event "GCT Saint Louis Blitz 2019"]
[Site "Saint Louis"]
[Date "2019.08.14"]
[Round "17"]
[White "Ding, Liren"]
[Black "Rapport, Richard"]
[Result "1-0"]
[WhiteElo "2805"]
[BlackElo "2747"]
[Annotator "TA"]
[PlyCount "39"]
[EventDate "2019.08.13"]
[EventType "tourn"]
[EventCountry "USA"]
[SourceTitle "playchess.com"]
[Source "ChessBase"]
[SourceQuality "1"]

{[%evp 13,39,21,21,20,12,17,32,15,35,39,32,26,109,113,108,102,100,95,136,143,214,201,354,348,424,423,395,392]} 1. d4 e6 2. c4 Nf6 3. Nf3 b6 4. g3 Bb7 5. Bg2 Be7 6. O-O O-O 7. Re1 Na6 8. h4 {E17: Queen's Indian: 4 g3 Bb7 5 Bg2 Be7} (8. Nc3 Ne4 9. h4 d6 10. Nxe4 Bxe4 11. Ng5 Bxg2 12. Kxg2 h6 13. Nf3 c5 14. d5 exd5 15. Qxd5 Nc7 16. Qf5 {½-½ (74) Sargissian,G (2689)-Oparin,G (2613) St Petersburg 2018}) 8... Re8 $146 ({Predecessor:} 8... Qc8 9. Nc3 Bb4 10. Qc2 c5 11. d5 exd5 12. cxd5 Bxc3 13. bxc3 Nxd5 14. e4 Ndc7 15. h5 Ne6 {0-1 (31) Iljiushenok,I (2539)-Rozum,I (2573) Khanty-Mansiysk 2018}) 9. Nc3 Ne4 10. Bd2 {White is slightly better.} c5 11. d5 exd5 12. cxd5 Bf6 (12... Nxd2 $11 13. Qxd2 Bf6) 13. Nxe4 $16 Rxe4 14. Ng5 $36 {[%mdl 2048] White is on the roll.} Rd4 15. Qc2 g6 16. Bc3 Nb4 (16... d6 $16 17. Bxd4 Bxd4) 17. Qb3 $18 a5 $2 (17... Qf8 18. a3 (18. Bxd4 Bxd4 19. a3 Na6 $18) 18... Na6) 18. Bxd4 Bxd4 {[#]} 19. d6 $1 Qf6 20. Bxb7 1-0

[Event "GCT Saint Louis Blitz 2019"]
[Site "Saint Louis"]
[Date "2019.08.14"]
[Round "17"]
[White "Vachier-Lagrave, Maxime"]
[Black "Dominguez Perez, Leinier"]
[Result "1-0"]
[WhiteElo "2778"]
[BlackElo "2763"]
[Annotator "TA"]
[PlyCount "93"]
[EventDate "2019.08.13"]
[EventType "tourn"]
[EventCountry "USA"]
[SourceTitle "playchess.com"]
[Source "ChessBase"]
[SourceQuality "1"]

{[%evp 13,93,0,27,22,33,19,27,15,17,13,37,33,33,33,40,28,28,0,0,0,0,0,14,-16,-8,-23,7,6,8,6,18,11,9,2,18,7,10,0,24,21,52,0,23,0,0,0,28,27,25,23,50,35,36,26,29,18,16,16,18,18,15,0,10,6,6,0,16,1,47,24,24,22,62,46,49,60,408,401,831,803,6172,5877]} 1. c4 e6 2. Nf3 d5 3. e3 Nf6 4. b3 Be7 5. Bb2 O-O 6. Nc3 c5 7. cxd5 exd5 8. d4 {A13: English Opening: 1...e6} Nc6 $146 (8... b6 9. Be2 Ne4 10. O-O Nxc3 11. Bxc3 Be6 12. dxc5 bxc5 13. Qc2 Nd7 14. Rfd1 Bf6 15. Rac1 Rb8 {½-½ (60) Nepomniachtchi,I (2771)-Idani,P (2604) Astana 2019}) 9. Be2 Ne4 10. dxc5 {White has an edge.} Bf6 11. Rc1 Qa5 {[%cal Re4c3]} 12. Nd4 $1 Nxc5 13. Nxc6 bxc6 14. O-O Ne4 {[%cal Rf6c3]} 15. Nxe4 Bxb2 16. Rc2 Ba3 17. Ng3 Bd7 18. Bg4 f5 19. Bf3 Kh8 20. Ne2 Qb6 21. Nf4 Bd6 22. Nd3 a5 23. Qd2 Rfb8 24. Nb2 Qb4 25. Qe2 Re8 (25... Qh4 {with more complications.} 26. g3 Qf6 27. Na4 g5 28. Qd1 Rb4) 26. g3 a4 27. Nd3 (27. Nxa4 $14 g6 28. Rfc1) 27... Qa5 28. Rfc1 axb3 29. axb3 Qb6 30. b4 Ra3 31. Qd2 Rb3 {[%cal Rd6b4]} 32. Rb2 Rxb2 33. Qxb2 Rb8 34. Rb1 Qb5 35. Be2 {[#] Strongly threatening Nc5.} Qb6 36. h4 h6 37. h5 Kh7 38. Ne5 Be6 $1 39. Nd3 Bd7 40. Kg2 Re8 41. Bf3 Qb5 42. Qc3 Rb8 43. Ne5 $36 {[%mdl 2048] White has the initiative.} Bxe5 44. Qxe5 c5 $2 {[%mdl 8192] [#]} (44... Rb7 $14) 45. Rd1 $1 $18 cxb4 (45... Re8 $142 46. Qxd5 Be6 47. Qxc5 Qxc5 48. bxc5 Kg8) 46. Rxd5 Qa4 47. Qxb8 {Accuracy: White = 54%, Black = 38%.} 1-0

[Event "GCT Saint Louis Blitz 2019"]
[Site "Saint Louis"]
[Date "2019.08.14"]
[Round "17"]
[White "Mamedyarov, Shakhriyar"]
[Black "Caruana, Fabiano"]
[Result "1/2-1/2"]
[WhiteElo "2764"]
[BlackElo "2818"]
[Annotator "TA"]
[PlyCount "84"]
[EventDate "2019.08.13"]
[EventType "tourn"]
[EventCountry "USA"]
[SourceTitle "playchess.com"]
[Source "ChessBase"]
[SourceQuality "1"]

{[%evp 9,84,16,16,8,29,0,0,0,0,0,0,0,0,0,0,0,0,0,95,85,33,0,0,0,0,-210,0,-11,0,-92,-83,-197,-195,-210,-222,-386,-226,-300,-283,-754,-731,-828,-818,-813,-710,-1804,-658,-787,-664,-662,-611,-644,-611,-599,-580,-593,-580,-626,-627,-609,-617,-617,-608,-674,-675,-941,-941,-941,-934,-934,-906,-858,-620,-858,-822,-818,-818]} 1. e4 c5 2. a3 b6 (2... Nc6 3. b4 Nf6 4. b5 Nd4 5. c3 Ne6 6. d3 g6 7. g3 Bg7 8. Bg2 O-O 9. Ne2 a6 10. bxa6 Rxa6 {½-½ (51) Nepomniachtchi,I (2751)-Dubov,D (2701) Moscow 2018}) 3. b4 Bb7 4. Nc3 g6 5. bxc5 bxc5 6. Rb1 {B20: Sicilian: Unusual White 2nd moves} Qc8 $146 ({Predecessor:} 6... Bc6 7. Bb2 Bg7 8. Nd5 Nf6 9. Bxf6 exf6 10. Bc4 {1-0 (66) Svicevic,R (2216)-Velickovic,S (2372) Belgrade 2014}) 7. h4 Nf6 8. h5 {The position is equal.} Nxh5 9. Rxh5 gxh5 10. Qxh5 Nc6 11. Nf3 Bg7 12. Bc4 Nd8 13. Bb2 {Threatens to win with Ng5.} Ne6 (13... Rf8 $1 $11 {keeps the balance.}) 14. Bxe6 dxe6 15. Ng5 Rf8 16. Nb5 Bxb2 17. Nxe6 $2 (17. Rxb2 $11 Qc6 18. f3) 17... Bf6 $2 (17... Qc6 $19 18. Rxb2 Qxe4+ 19. Kd1 Qxg2 20. Nbc7+ {[%mdl 64] Double Attack} Kd7 $1 {[%mdl 512]} 21. Nxc5+ (21. Nxf8+ $2 Rxf8 22. Kc1 Qg1+ 23. Qd1 Qxd1+ 24. Kxd1 Kxc7 $19) 21... Kc8) 18. e5 Bh8 19. Nec7+ (19. Nbc7+ $11 {remains equal.} Kd7 20. Nxc5+ {[%mdl 64] Double Attack} Kxc7 21. Rxb7+ Qxb7 22. Nxb7 Kxb7 23. Qxh7) 19... Kd8 $17 {Hoping for ...a6.} 20. Qh6 (20. Rb3 $17 {is a better defense.} c4 21. Qh6) 20... Rg8 $1 $19 ({Not} 20... Bxe5 21. Qxf8+ Kd7 22. Qxf7 $11) 21. e6 {[#]} fxe6 $1 22. Qxh7 $2 (22. Nxe6+ Kd7 23. Qh3) 22... Kd7 (22... Rxg2 $142 23. Rb3 Bd4 24. Nxa8 Kd7) 23. Qd3+ Bd4 $1 24. c3 $2 (24. Nxa8 Rxg2 25. Nxd4 Rg1+ 26. Ke2 Rxb1 27. Nb5+ Bd5 28. Nc3) 24... Rxg2 {Black is clearly winning.} 25. cxd4 {[#]} c4 $1 26. Qh3 (26. Qxc4 Qg8) 26... Qg8 {And now ...Rg1+ would win.} ({And not} 26... Rg1+ 27. Ke2 $11) 27. Rb4 Qg6 (27... Rf8 $142 28. Rxc4 Rfxf2 29. Nxe6 Qxe6+ 30. Qxe6+ Kxe6 31. d5+ Bxd5 32. Nc7+ {[#]} Kd6 $1 {[%mdl 512]} 33. Nxd5 Re2+ 34. Kd1 Rxd2+ 35. Kc1 Kxd5) 28. d5 Rg1+ 29. Ke2 Qe4+ 30. Qe3 Qg4+ 31. f3 Qg2+ 32. Qf2 Rg8 33. dxe6+ Kd8 34. Qxg2 R8xg2+ 35. Ke3 Re1+ 36. Kf4 {[#]} Rf1 $1 37. Rxc4 {White hopes to continue with Rd4+.} Rxf3+ 38. Ke5 Rg5+ 39. Kd4 Rg4+ 40. Kc5 Rxc4+ 41. Kxc4 a6 42. Nd4 Kxc7 {[%mdl 32768] Accuracy: White = 51%, Black = 76%. . An unexpected result.} 1/2-1/2

[Event "GCT Saint Louis Blitz 2019"]
[Site "Saint Louis"]
[Date "2019.08.14"]
[Round "17"]
[White "Karjakin, Sergey"]
[Black "Yu, Yangyi"]
[Result "0-1"]
[WhiteElo "2750"]
[BlackElo "2752"]
[Annotator "TA"]
[PlyCount "64"]
[EventDate "2019.08.13"]
[EventType "tourn"]
[EventCountry "USA"]
[SourceTitle "playchess.com"]
[Source "ChessBase"]
[SourceQuality "1"]

{[%evp 9,64,-7,-4,-5,4,-1,0,-8,0,-18,-9,-25,-24,-19,0,-33,-27,-20,-20,-52,-42,-68,-59,-105,-102,-100,-93,-171,-138,-152,-143,-138,-130,-272,-266,-413,-398,-455,-423,-661,-619,-1898,-1901,-1892,-1672,-1597,-1565,-1883,-1883,-29990,-1698,-29993,-29993,-29993,-29994,-29996,-29997]} 1. d4 d5 2. Bf4 Nf6 3. e3 g6 4. Nc3 Bg7 5. h4 c6 6. Be2 {D00: 1 d4 d5: Unusual lines} Qb6 7. Rb1 h5 8. Nf3 {The position is equal.} Bg4 9. Ne5 {[%cal Re2g4]} Bxe2 10. Qxe2 Nbd7 11. Qf3 $146 ({Predecessor:} 11. f3) 11... Qa6 12. a4 Nxe5 13. Bxe5 Kf8 14. Qg3 Nd7 15. f4 Nf6 16. Qf3 Ng4 {And now ...f6 would win.} 17. Bxg7+ Kxg7 18. f5 (18. b4 $17) 18... Rad8 {[%cal Ba8d8,Bd8d6,Bd6f6][%mdl 32]} 19. Kd2 {[#]} Rd6 $1 20. Rbf1 Rf6 21. Qg3 (21. Qe2 $17 {was called for.}) 21... e6 $19 22. Qc7 (22. e4 $142) 22... exf5 23. Rf3 Re8 24. b4 (24. Re1 $142) 24... Qc4 {...f4 is the strong threat.} 25. Qxb7 {[#]} f4 $1 {[%mdl 576] Decoy} 26. exf4 Qxd4+ 27. Kc1 Re3 28. Rxe3 Nxe3 29. Kb2 {[#]} Rxf4 (29... Qd2 $142 $1 {[%mdl 512]} 30. Na2 Nxc2 31. Rd1 Qxd1 32. Qxa7 Nd4 33. Qc5 Qb3+ 34. Kc1 Rxf4 35. Qc3 Qxa2 36. Qb2 Rf1+ 37. Kd2 Qxb2+ 38. Kd3 Rf2 39. g3 Rf3#) 30. Kb3 Qc4+ {Black mates.} 31. Kb2 d4 32. Na2 Qxc2+ {[%mdl 64] Double Attack. Accuracy: White = 22%, Black = 68%.} 0-1

[Event "GCT Saint Louis Blitz 2019"]
[Site "Saint Louis"]
[Date "2019.08.14"]
[Round "18"]
[White "Caruana, Fabiano"]
[Black "Ding, Liren"]
[Result "0-1"]
[WhiteElo "2818"]
[BlackElo "2805"]
[Annotator "TA"]
[PlyCount "52"]
[EventDate "2019.08.13"]
[EventType "tourn"]
[EventCountry "USA"]
[SourceTitle "playchess.com"]
[Source "ChessBase"]
[SourceQuality "1"]

{[%evp 11,52,14,18,21,12,17,27,0,0,-7,0,-7,0,0,-4,-25,-18,-32,-28,-33,2,-229,-237,-364,-181,-238,-252,-264,-162,-676,-661,-834,-757,-1383,-1390,-1389,-1378,-1350,-1372,-1345,-1346,-29996,-29997]} 1. e4 c6 2. d4 d5 3. exd5 cxd5 4. Bd3 Nc6 5. c3 Qc7 6. h3 Nf6 7. Na3 {[%cal Bb1a3,Ba3c2,Bc2e1,Be1d3][%mdl 32] B13: Caro-Kann: Exchange Variation and Panov-Botvinnik Attack} a6 8. Nc2 g6 9. Nf3 {White has an edge.} Bf5 10. Be2 e6 $146 ({Predecessor:} 10... Bg7 11. Ne3 Bd7 12. O-O O-O 13. Re1 e6 14. Bd3 b5 {½-½ (27) Kasimdzhanov,R (2683)-Grigoriants,S (2561) Riadh 2017}) 11. O-O h5 12. Nce1 Bd6 13. Nd3 Ne4 14. Be3 O-O-O 15. Rc1 g5 {And now ...g4 would win.} 16. Nxg5 $2 (16. c4 $11 {and White stays safe.}) 16... Rdg8 $1 $19 17. f4 {[#]} (17. h4 {keeps fighting.} f6 18. Nxe4 Bxe4 19. Ne1) 17... Ng3 (17... Rxg5 $142 $1 {[%mdl 512]} 18. fxg5 Bh2+ 19. Kh1 Ng3+ {[%mdl 64] Double Attack} 20. Kxh2 Nxf1+ {[%mdl 64] Discovered Attack (Double check)} 21. Kg1 Nxe3) 18. Rf2 {[#]} (18. Rf3 $142 Nxe2+ 19. Qxe2) 18... f6 $1 19. Nf3 Ne4 20. Rf1 $2 (20. Nh4 Nxf2 21. Bxf2 Bxh3 22. Qd2) 20... Bxh3 21. Nfe1 h4 {Strongly threatening ...Bxg2!} 22. Kh2 Qg7 {( -> ...Qg3+)} 23. Bf3 {[#]} Bxg2 $1 {[%mdl 576] Decoy} 24. Bxg2 (24. Nxg2 h3) 24... Qg3+ {[%mdl 64] Double Attack} 25. Kh1 Qxe3 26. Rf3 {[#]} h3 $1 {[%mdl 512] Accuracy: White = 35%, Black = 51%.} 0-1

[Event "GCT Saint Louis Blitz 2019"]
[Site "Saint Louis"]
[Date "2019.08.14"]
[Round "18"]
[White "Aronian, Levon"]
[Black "Vachier-Lagrave, Maxime"]
[Result "0-1"]
[WhiteElo "2765"]
[BlackElo "2778"]
[Annotator "TA"]
[PlyCount "90"]
[EventDate "2019.08.13"]
[EventType "tourn"]
[EventCountry "USA"]
[SourceTitle "playchess.com"]
[Source "ChessBase"]
[SourceQuality "1"]

{[%evp 9,90,-1,2,-18,20,-22,-18,-21,20,0,17,0,55,0,15,0,13,-33,7,-29,-32,-41,-31,-111,-103,-100,-107,-102,-101,-175,-97,-93,-72,-92,-61,-70,0,0,0,0,0,-92,-70,-67,-73,-452,-438,-460,-411,-463,-444,-460,-445,-400,-387,-492,-472,-469,-461,-553,-521,-581,-583,-602,-597,-676,-602,-985,-676,-953,-676,-676,-661,-660,-655,-628,-628,-2244,-2153,-6191,-5185,-1473,-1426]} 1. d4 Nf6 2. Nf3 b6 3. g3 Bb7 4. Bg2 c5 5. c4 cxd4 6. O-O {A50: Queen's Fianchetto Defence (1 d4 Nf6 2 c4 b6)} e6 (6... Bxf3 $5 7. Bxf3 Nc6 $11) 7. b3 (7. Qxd4 Be7 8. Nc3 O-O 9. Bg5 h6 10. Bxf6 Bxf6 11. Qd3 Na6 12. Rfd1 Nc5 13. Qe3 a5 14. Rac1 Rc8 15. b3 Qe7 16. h4 Rfd8 17. Ne5 Bxg2 18. Kxg2 {½-½ (118) Cheparinov,I (2710)-Socko,B (2593) Riadh 2017}) 7... Bc5 8. Bb2 {The position is equal.} O-O 9. Bxd4 Na6 $146 ({Predecessor:} 9... Nc6 10. Bb2 d5 11. cxd5 Nxd5 12. Nc3 Nxc3 13. Bxc3 Qe7 14. Qc2 Rac8 {0-1 (37) Shi,K (2192)-Xu,Y (2516) Shenzhen 2016}) 10. Nc3 Qe7 ({Black should play} 10... d5 $11) 11. Ne1 (11. Bxf6 $14 gxf6 12. e3) 11... Bxg2 12. Nxg2 Rfd8 13. Rc1 Rac8 14. Nb5 d5 {Threatens to win with ...dxc4.} 15. Bxf6 Qxf6 16. Nxa7 (16. cxd5 $15 Rxd5 17. Qe1) 16... dxc4 17. Nxc8 {Strongly threatening Qc2.} Rxd1 18. Rcxd1 c3 19. Nd6 (19. a3 $17) 19... h5 (19... c2 $19 20. Ne4 Qb2 21. Nxc5 cxd1=N 22. Rxd1 Kf8 23. Nxa6 Qxe2 {[%mdl 64] Double Attack}) 20. Ne4 $17 Qe5 21. Nxc5 Nxc5 ({Much worse is} 21... bxc5 22. Rc1 $15) 22. Ne3 {[#]} b5 ({Black should try} 22... h4 $1 $15 {[%mdl 512]}) 23. b4 $1 $11 {[%cal Rb4c5]} Ne4 24. Rd3 {[#]} h4 $1 {[%cal Rh4g3][%mdl 512]} 25. gxh4 (25. Rc1 $1 $11 {remains equal.}) 25... Qf6 26. f3 Nd2 27. Rc1 $2 {[%mdl 8192] [#]} (27. Rd1 $17 {nothing else works.}) 27... Nxf3+ $1 $19 {[%mdl 512]} 28. Kh1 (28. exf3 Qg6+) 28... Nd4 29. Rf1 Qxh4 30. Ng2 Qe4 31. Rxc3 Qxe2 {[%cal Re2f1]} 32. Rc8+ {[#]} Kh7 $1 {[%cal Re2f1][%mdl 512] Black is clearly winning.} 33. Rcc1 f6 34. Rce1 Qxa2 35. Re3 e5 36. Rh3+ Kg8 37. Ne3 Qa8+ 38. Kg1 Ne2+ 39. Kf2 Nf4 40. Rf3 Qa2+ 41. Kg1 Qd2 42. Rd1 Qxb4 43. Nf5 {[#]} Qe4 $1 {[%mdl 64] Double Attack} 44. Nh4 Ne2+ {[%mdl 64] Discovered Attack} 45. Kf2 Nd4 {Accuracy: White = 31%, Black = 48%.} 0-1

[Event "GCT Saint Louis Blitz 2019"]
[Site "Saint Louis"]
[Date "2019.08.14"]
[Round "18"]
[White "Dominguez Perez, Leinier"]
[Black "Karjakin, Sergey"]
[Result "0-1"]
[WhiteElo "2763"]
[BlackElo "2750"]
[Annotator "RC"]
[PlyCount "114"]
[EventDate "2019.08.13"]
[EventType "tourn"]
[EventCountry "USA"]
[SourceTitle "playchess.com"]
[Source "ChessBase"]
[SourceQuality "1"]
[TimeMode "Bronstein"]
[TimeControl "300+3"]

1. e4 {[%emt 0:00:00]} c6 {[%emt 0:00:00]} 2. d4 {[%emt 0:00:00]} d5 {[%emt 0:00:00]} 3. e5 {[%emt 0:00:00]} Bf5 {[%emt 0:00:00]} 4. Nf3 {[%emt 0:00:00]} e6 {[%emt 0:00:00]} 5. Be2 {[%emt 0:00:00]} Ne7 {[%emt 0:00:00]} 6. c3 {[%emt 0:00:00]} h6 {[%emt 0:00:00]} 7. O-O {[%emt 0:00:00]} Nd7 {[%emt 0:00:00]} 8. Nbd2 {[%emt 0:00:00]} Qc7 {[%emt 0:00:00]} 9. Re1 {[%emt 0:00:00]} Bg6 {[%emt 0:00:00]} 10. b3 {[%emt 0:00:00]} Nc8 {[%emt 0:00:14]} 11. Nf1 {[%emt 0:00:04]} Be7 {[%emt 0:00:06]} 12. Ng3 {[%emt 0:00:11]} c5 {[%emt 0:00:15]} 13. Bd3 {[%emt 0:00:09]} Bxd3 {[%emt 0:00:03]} 14. Qxd3 {[%emt 0:00:03]} Ncb6 {[%emt 0:00:08]} 15. Nh5 {[%emt 0:00:26]} g6 {[%emt 0:00:03]} 16. Nf4 {[%emt 0:00:03]} Qc6 {[%emt 0:00:12]} 17. Bd2 {[%emt 0:00:08]} c4 {[%emt 0:00:09]} 18. Qc2 {[%emt 0:00:06]} a5 {[%emt 0:00:03]} 19. Rab1 {[%emt 0:00:09]} cxb3 {[%emt 0:00:36]} 20. axb3 {[%emt 0:00:03]} a4 {[%emt 0:00:03]} 21. bxa4 {[%emt 0:00:13]} Rxa4 {[%emt 0:00:04]} 22. Ra1 {[%emt 0:00:18]} Ra6 {[%emt 0:00:10]} 23. h4 {[%emt 0:00:42]} Nc4 {[%emt 0:00:05]} 24. g3 {[%emt 0:00:03]} Kd8 {[%emt 0:00:15]} 25. h5 {[%emt 0:00:17]} g5 {[%emt 0:00:12]} 26. Ng2 {[%emt 0:00:10]} Ndb6 {[%emt 0:00:22]} 27. Nh2 {[%emt 0:00:08]} Na4 {[%emt 0:00:05]} 28. Rec1 {[%emt 0:00:45]} Kd7 {[%emt 0:00:20]} 29. Ng4 {[%emt 0:00:05]} b5 {[%emt 0:00:06]} 30. N2e3 {[%emt 0:00:10]} Nxe3 {[%emt 0:01:10]} 31. Bxe3 {[%emt 0:00:07]} Qc4 {[%emt 0:00:05]} 32. Kg2 {[%emt 0:00:55]} Rc6 {[%emt 0:00:14]} 33. Qd2 {[%emt 0:00:21]} Rc7 {[%emt 0:00:07]} 34. Rc2 {[%emt 0:00:15]} Nxc3 {[%emt 0:00:05]} 35. Qe1 {[%emt 0:00:13]} Qd3 {[%emt 0:00:07]} 36. Rd2 {[%emt 0:00:03]} Qf5 {[%emt 0:00:05]} 37. f3 {[%emt 0:00:03]} Rhc8 {[%emt 0:00:08]} 38. Rb2 {[%emt 0:00:05]} b4 {[%emt 0:00:09]} 39. Qf1 {[%emt 0:00:03]} Qh7 {[%emt 0:00:09]} 40. Bf2 {[%emt 0:00:03]} Ke8 {[%emt 0:00:03]} 41. Qa6 {[%emt 0:00:03]} Kf8 {[%emt 0:00:03]} 42. Qb6 {[%emt 0:00:03]} Kg7 {[%emt 0:00:04]} 43. Ra7 {[%emt 0:00:03]} Rxa7 {[%emt 0:00:12]} 44. Qxa7 {[%emt 0:00:03]} Bf8 {[%emt 0:00:03]} 45. Qd7 {[%emt 0:00:03]} Ra8 {[%emt 0:00:03]} 46. Nf6 {[%emt 0:00:04]} Qd3 {[%emt 0:00:03]} 47. Ne8+ {[%emt 0:00:03]} Rxe8 48. Qxe8 g4 {[%emt 0:00:20]} 49. fxg4 {[%emt 0:00:03]} Qe4+ {[%emt 0:00:03]} 50. Kh2 {[%emt 0:00:03]} Qxg4 {[%emt 0:00:03]} 51. Kg2 {[%emt 0:00:04]} Qxh5 {[%emt 0:00:03]} 52. Qd7 {[%emt 0:00:03]} Qg6 {[%emt 0:00:04]} 53. Rd2 {[%emt 0:00:03]} Qe4+ {[%emt 0:00:03]} 54. Kh2 {[%emt 0:00:03]} Qf5 {[%emt 0:00:03]} 55. Kg2 {[%emt 0:00:03]} Ne4 {[%emt 0:00:03]} 56. Rb2 {[%emt 0:00:03]} Ng5 {[%emt 0:00:03]} 57. Qb5 {[%emt 0:00:03]} Qh3+ {[%emt 0:00:03]} 0-1

[Event "GCT Saint Louis Blitz 2019"]
[Site "Saint Louis"]
[Date "2019.08.14"]
[Round "18"]
[White "Yu, Yangyi"]
[Black "Mamedyarov, Shakhriyar"]
[Result "1/2-1/2"]
[WhiteElo "2752"]
[BlackElo "2764"]
[Annotator "TA"]
[PlyCount "143"]
[EventDate "2019.08.13"]
[EventType "tourn"]
[EventCountry "USA"]
[SourceTitle "playchess.com"]
[Source "ChessBase"]
[SourceQuality "1"]

{[%evp 13,143,27,32,38,104,20,31,24,33,20,20,33,22,25,36,20,62,55,55,56,60,62,76,50,53,44,50,31,50,0,40,0,53,40,42,0,0,0,8,0,0,0,0,0,0,0,0,0,0,0,0,0,2,0,0,0,11,0,0,0,0,0,0,0,0,0,0,5,5,5,5,5,5,5,5,5,5,5,5,5,5,5,12,12,12,12,6083,6040,6228,3732,6118,6129,6104,6097,6083,6079,6079,6079,6079,5757,5302,4133,4133,4133,2802,2002,1684,1310,1364,1304,1266,1253,1253,12,12,12,12,12,12,12,1033,902,1206,1172,1105,920,815,580,675,0,357,0]} 1. e4 c5 2. Nf3 Nf6 3. e5 Nd5 4. Nc3 e6 5. Nxd5 exd5 6. d4 Nc6 7. c3 d6 8. Bb5 {B29: Sicilian: 2 Nf3 Nf6 (Nimzowitsch Variation)} cxd4 (8... Be7 $14) 9. Nxd4 ({White should try} 9. Qxd4 $16 Be6 10. Bf4) 9... Bd7 $11 10. exd6 {White is slightly better.} Bxd6 11. Qe2+ (11. O-O O-O 12. Nb3 a6 13. Be2 Qc7 14. h3 Rfe8 15. Re1 {0-1 (73) Giri,A (2782)-Kovalev,V (2655) Dortmund 2018}) 11... Qe7 12. Qxe7+ $146 ({Predecessor:} 12. Be3 a6 13. Bd3 Nxd4 14. Bxd4 O-O 15. O-O-O Rac8 {1-0 (57) Grubbs,S-Irby,T Dallas 1998}) 12... Kxe7 13. Nf3 a6 14. Be2 h6 15. Be3 Be6 16. O-O Rhe8 17. Nd4 Kf8 18. Rad1 Nxd4 19. Bxd4 Rac8 20. Bf3 Bc5 21. Rfe1 b5 22. Kf1 Red8 ({Better is} 22... a5 $11) 23. Bxc5+ Rxc5 24. Re5 a5 25. Rd4 Rc4 26. Ke1 Ke7 27. Be2 ({Of course not} 27. Rdxd5 Rxd5 28. Bxd5 Rc5 $17) 27... Rxd4 28. cxd4 {[%mdl 4096] Endgame KRB-KRB} b4 29. Kd2 g5 30. Re3 Kd6 31. g3 Rc8 32. Bd3 Rg8 33. Rf3 Ke7 34. Re3 h5 35. f4 {f5 is the strong threat.} gxf4 36. gxf4 {Black should prevent f5.} Kf6 37. Rg3 Rg4 38. Rxg4 $1 hxg4 {KB-KB} 39. Ke3 Bf5 {And now ...Bxd3 would win.} 40. Be2 Kg6 41. Kf2 Bd7 42. Kg3 f5 43. a3 bxa3 44. bxa3 Kf6 45. Kh4 Kg6 46. h3 gxh3 47. Kxh3 Kf6 48. Kh4 Kg6 $1 49. Bh5+ Kf6 $2 {[%mdl 8192]} (49... Kh6 $11) 50. Bf3 $18 Be6 51. Kh5 $1 Bf7+ 52. Kh6 $1 Be6 53. Bh5 Bg8 54. Be8 Be6 55. Kh7 Ke7 56. Bb5 Kf6 57. Bc6 Kf7 58. Kh6 Kf6 59. Be8 Ke7 60. Bb5 Kf6 61. Bc6 Bf7 62. Bd7 Bg8 63. Kh5 $2 (63. Ba4 $18 Be6 64. Bc6) 63... Bf7+ $11 64. Kh4 Bg6 65. Bc6 Bf7 66. Bb7 Be6 $2 {[%mdl 8192] [#]} (66... Kg6 $11) 67. Kh5 $1 $18 Bf7+ {[#]} 68. Kh6 $1 Be6 69. Kh7 Kf7 70. Bc6 Kf6 71. Be8 Ke7 $1 {[%cal Re7e8]} 72. Bb5 $2 {Accuracy: White = 66%, Black = 56%.} (72. Ba4 $18) 1/2-1/2